Statistics for World Countries with Three Borders (with a map)

Click here to take the quiz!

General Stats

  • This quiz has been taken 375 times
  • The average score is 18 of 28

Answers on the Map

Answers color-coded by a green-red scale on the quiz's map according to % correct below.
 

Answer Stats

Country% Correct
Paraguay
81%
Suriname
80%
Chile
78%
Guyana
78%
Finland
77%
Norway
77%
Venezuela
76%
Oman
75%
Mexico
74%
Cambodia
71%
Honduras
70%
Indonesia
70%
Egypt
68%
Malaysia
66%
Somalia
64%
Togo
63%
Vietnam
62%
Eritrea
60%
Morocco
58%
Ghana
56%
North Korea
56%
Djibouti
55%
Luxembourg
55%
Liberia
54%
Gabon
52%
Malawi
49%
Burundi
47%
Bosnia and Herzegovina
40%

Score Distribution

Percentile by Number Answered

Percent of People with Each Score

Your Score History

You have not taken this quiz